TB. OF RADIOLOGICAL SAFETY (Record no. 8401)

MARC details
000 -LEADER
fixed length control field 00338nam a22001577a 4500
003 - CONTROL NUMBER IDENTIFIER
control field SGT
020 ## - INTERNATIONAL STANDARD BOOK NUMBER
International Standard Book Number 978-81-8448-886-9
082 ## - DEWEY DECIMAL CLASSIFICATION NUMBER
Classification number 616.0757, R10T
100 ## - MAIN ENTRY--PERSONAL NAME
Personal name THEYALAN, K
245 ## - TITLE STATEMENT
Title TB. OF RADIOLOGICAL SAFETY
250 ## - EDITION STATEMENT
Edition statement 1ST
260 ## - PUBLICATION, DISTRIBUTION, ETC. (IMPRINT)
Place of publication, distribution, etc INDIA
Name of publisher, distributor, etc JAYPEE
Year of Publication 2010
300 ## - PAGE DESCRIPTION
No. of Pages 325
650 ## - SUBJECT ADDED ENTRY--TOPICAL TERM
Topical term or geographic name as entry element RADIOLOGY
942 ## - ADDED ENTRY ELEMENTS (KOHA)
Source of classification or shelving scheme Dewey Decimal Classification
Koha item type Books
942 ## - ADDED ENTRY ELEMENTS (KOHA)
-- 57
Holdings
Withdrawn status Lost status Source of classification or shelving scheme Damaged status Not for loan Collection code Home library Current library Shelving location Date acquired Vendor Name Cost, normal purchase price SGTU Bill Number Total Checkouts Total Renewals Full call number Accession No. (Barcode) Date last seen Date last borrowed Bill Date Koha item type
    Dewey Decimal Classification     MEDICAL SGT Medical Library SGT Medical Library Text Book 14/03/2016 AHUJA BOOK COMPANY 495.00 SGTU 5978 22 1 616.0757, R10T FM7422 07/04/2026 24/03/2026 14/08/2015 Books
    Dewey Decimal Classification     MEDICAL SGT Medical Library SGT Medical Library Text Book 14/03/2016 AHUJA BOOK COMPANY 495.00 SGTU 5978 33   616.0757, R10T FM7423 22/01/2026 08/01/2026 14/08/2015 Books
    Dewey Decimal Classification     MEDICAL SGT Medical Library SGT Medical Library Text Book 14/03/2016 AHUJA BOOK COMPANY 495.00 SGTU 5978 42   616.0757, R10T FM7424 21/02/2025 20/12/2024 14/08/2015 Books
    Dewey Decimal Classification     MEDICAL SGT Medical Library SGT Medical Library Text Book 14/03/2016 AHUJA BOOK COMPANY 495.00 SGTU 5978 41   616.0757, R10T FM7425 07/04/2026 24/03/2026 14/08/2015 Books